Normal view
MARC view
- Baxter, Craig,Kennedy, Charles H
Entry Personal Name
001 - CONTROL NUMBER
- control field: 79802
003 - CONTROL NUMBER IDENTIFIER
- control field: NUST
005 - DATE AND TIME OF LATEST TRANSACTION
- control field: 20210628210526.0
008 - FIXED-LENGTH DATA ELEMENTS
- fixed length control field: 210628|| aca||aabn | a|a d
040 ## - CATALOGING SOURCE
- Original cataloging agency: NUST
- Transcribing agency: NUST
100 ## - HEADING--PERSONAL NAME
- Personal name: Baxter, Craig,Kennedy, Charles H
670 ## - SOURCE DATA FOUND
- Source citation: Work cat.: (NUST): Baxter, Craig,Kennedy, Charles H, Pakistan 2000, 2000
